000 00622nam a22002417a 4500
003 UA-OsUOA
001 124767
007 ta
008 20170823b un ||||| |||| 00| 0 ukr d
100 _aТрачук Ю.
090 _a821.161.2
_bТ65
942 _cBK
040 _aUA-OsUOA
_bukr
_cUA-OsUOA
_dUA-OsUOA
245 _aРайські двері
300 _a64 с.
955 _a3
041 _aukr
080 _a821.161.2
020 _a83-904738-3-6
260 _aБільськ-Підляський
_c1995
650 7 _a82 Література. Літературознавство
_2UDC
999 _c411937
_d411937